Building customer loyalty

Bibliographic Details
Main Author: Linton, Ian
Format: Book
Published: London : Pitman Publishing , 1993
Subjects:

MARC

LEADER 00000cam a2200000 7i4500
001 0000002522
002 000002746
005 20000330.0
020 |a 027360080X 
090 0 0 |a 658.812   |b LIN 
100 1 |a Linton, Ian 
245 1 0 |a Building customer loyalty   |c Ian Linton 
260 |a London :   |b Pitman Publishing ,   |c 1993 
300 |a 208p. ;   |c 23cm. 
650 0 0 |a Customer relations 
999 |a 035988   |b BUKU   |c PINJAMAN   |e PERPUSTAKAAN KOMUNITI PETALING JAYA 
999 |a 035989   |b BUKU   |c PINJAMAN   |e PERPUSTAKAAN KOMUNITI PETALING JAYA